Statistics for U.S. Cities with Apple Maps 3D View

Click here to take the quiz!

General Stats

  • This quiz has been taken 17 times
  • The average score is 46 of 76

Answer Stats

CityPopulation% Correct
Boston654,776
100%
Chicago2,696,555
100%
Austin964,177
94%
Denver711,463
94%
Houston2,288,250
94%
Los Angeles3,849,297
94%
New York City8,476,513
94%
Philadelphia1,567,251
94%
Phoenix1,624,569
94%
Portland, ME68,408
94%
Portland, OR641,162
94%
San Diego1,381,611
94%
San Francisco815,201
94%
Detroit632,464
88%
Las Vegas646,790
88%
Miami439,890
88%
New Orleans376,971
88%
Pittsburgh300,431
88%
San Jose983,489
88%
Seattle733,919
88%
Honolulu345,510
81%
Indianapolis882,039
81%
Saint Louis293,310
81%
San Antonio1,451,853
81%
Albany, NY99,224
75%
Atlanta496,461
75%
Buffalo276,807
75%
Cleveland, OH367,991
75%
Columbus, OH906,528
75%
Louisville628,594
75%
Memphis628,127
75%
Minneapolis425,336
75%
Nashville678,851
75%
Oklahoma City687,725
75%
Albuquerque562,599
63%
Anaheim345,940
63%
Baltimore576,498
63%
Boise237,446
63%
Fresno544,510
63%
Milwaukee569,330
63%
Oakland433,823
63%
Rochester, NY210,606
63%
Saint Paul307,193
63%
Long Beach456,062
56%
Omaha487,300
56%
Tucson543,242
56%
Tulsa411,401
56%
Wichita395,699
56%
Charleston, SC151,612
50%
Providence189,692
50%
Sacramento525,041
50%
Bakersfield407,615
44%
Mobile184,952
44%
Raleigh469,124
44%
Salem, MA44,480
44%
Salem, OR177,723
44%
Springfield, MA154,789
44%
Springfield, MO169,724
44%
Fort Lauderdale181,668
38%
Greensboro298,263
38%
Akron189,347
31%
Cheyenne65,132
31%
South Bend103,453
31%
Stockton322,120
31%
Tallahassee197,102
31%
Green Bay107,395
25%
Modesto218,771
25%
Allentown125,944
19%
Amarillo201,234
19%
Baton Rouge222,185
19%
Rapid City74,703
19%
Pensacola54,312
13%
South Lake Tahoe21,330
13%
Fayetteville, AR95,230
6%
Poughkeepsie31,577
6%
Visalia142,978
6%

Score Distribution

Percentile by Number Answered

Percent of People with Each Score

Your Score History

You have not taken this quiz